[Event "European Blitz 2017"]
[Site "Katowice POL"]
[Date "2017.12.15"]
[Round "12.56"]
[White "Bednarek, Sylwester"]
[Black "Brodowski, Piotr"]
[Result "0-1"]
[WhiteTitle "FM"]
[BlackTitle "IM"]
[WhiteElo "2307"]
[BlackElo "2430"]
[WhiteFideId "1101811"]
[BlackFideId "1124480"]
[EventDate "2017.12.15"]
[EventType "blitz"]

1. d4 c5 2. d5 d6 3. Nc3 Nf6 4. e4 g6 5. h3 Bg7 6. Nf3 O-O 7. a4 Na6 8. Be2 Nc7
9. O-O b6 10. Re1 Bb7 11. Bf1 e6 12. dxe6 Nxe6 13. Nd2 d5 14. exd5 Nxd5 15. Nxd5
Qxd5 16. Nc4 Qc6 17. Qd6 Rad8 18. Qxc6 Bxc6 19. c3 Rfe8 20. Be3 h6 21. Red1 Rxd1
22. Rxd1 Bxa4 23. Ra1 b5 24. Nd6 Rb8 25. Ne4 Rc8 26. Nd6 Rb8 27. Ne4 c4 28. Bxa7
Rd8 29. Bxc4 bxc4 30. Rxa4 Rd1+ 31. Kh2 f5 32. Ng3 Rd7 33. Ne2 Be5+ 34. g3 Rd2
35. Ng1 f4 36. Rxc4 fxg3+ 37. Kg2 Nf4+ 38. Kxg3 Ne2+ 39. Kg2 Nf4+ 40. Kf3 Rd1
41. Ne2 Nxh3 42. Ke4 Bf6 43. Bd4 Ng5+ 44. Kf4 Be7 45. b4 Re1 46. Ng3 Ne6+ 47.
Kg4 h5+ 48. Kh3 Nf4+ 49. Kh2 h4 50. Rc8+ Kf7 51. b5 hxg3+ 52. fxg3 Nd5 53. b6
Rb1 54. b7 Rxb7 55. Kg2 Nf6 56. Kf3 Rb3 57. g4 Ke6 58. g5 Nh5 59. Rc6+ Kf7 60.
Kg4 Rb1 61. Rc7 Rg1+ 62. Kf3 Rf1+ 63. Kg4 Rf5 64. Be3 Ng7 65. c4 Ne6 66. Rb7 Re5
67. Kf3 Rf5+ 68. Ke4 Nxg5+ 69. Kd3 Ne6 70. Ke4 Ra5 71. Kd3 Nc5+ 72. Bxc5 Rxc5
73. Kd4 Rf5 74. Rc7 Ke6 75. Rc6+ Bd6 76. Ke4 Re5+ 77. Kd3 Rc5 78. Ra6 g5 79. Ra8
Rf5 80. Rg8 Kf7 81. Rd8 Be7 82. Rd7 g4 83. Ke4 Rf6 84. c5 g3 85. c6 Rxc6 86. Kd5
Rg6 87. Ra7 g2 0-1

[Event "European Blitz 2017"]
[Site "Katowice POL"]
[Date "2017.12.15"]
[Round "12.57"]
[White "Balazs, Ladislav"]
[Black "Jakubowski, Krzysztof"]
[Result "1/2-1/2"]
[BlackTitle "GM"]
[WhiteElo "2110"]
[BlackElo "2526"]
[WhiteFideId "14931265"]
[BlackFideId "1112848"]
[EventDate "2017.12.15"]
[EventType "blitz"]

1. e4 c5 2. Nf3 d6 3. Bb5+ Bd7 4. Bxd7+ Nxd7 5. O-O Ngf6 6. Re1 e6 7. c3 Be7 8.
d4 cxd4 9. cxd4 d5 10. e5 Ne4 11. Nbd2 Nxd2 12. Bxd2 O-O 13. h3 Qb6 14. b3 Rfc8
15. Rc1 Qa6 16. a4 h6 17. Nh2 Qd3 18. Be3 Qxd1 19. Rexd1 Ba3 20. Rb1 a5 21. Nf3
Nb8 22. Bc1 Bb4 23. Bd2 Nc6 24. Bxb4 axb4 25. Rdc1 Na5 26. Nd2 Rc3 27. Rxc3 bxc3
28. Nf1 c2 29. Rc1 Nxb3 30. Rxc2 Nxd4 31. Rc7 Rxa4 32. Rxb7 Nc6 33. Ne3 Nxe5 34.
Re7 d4 35. Nf5 Ra1+ 36. Kh2 Nf3+ 37. gxf3 exf5 38. Rd7 Rd1 39. Kg3 g5 40. f4 Kg7
41. Kf3 Rd3+ 42. Ke2 Rxh3 43. fxg5 hxg5 44. Rxd4 Kg6 45. Kf1 f4 46. Kg2 Ra3 47.
Rd6+ f6 48. Rd2 g4 49. Kh2 Kg5 50. Kg2 f5 51. Rd8 f3+ 52. Kg3 f4+ 53. Kh2 Ra2
54. Rg8+ Kf5 55. Rf8+ Ke4 56. Re8+ Kd3 57. Rd8+ Ke2 58. Rg8 g3+ 59. fxg3 Ke3+
60. Kh3 Ra1 61. Re8+ Kf2 62. gxf4 Ra7 63. f5 Rh7+ 64. Kg4 Kg2 65. Kg5 f2 66. Re2
Kf3 67. Rxf2+ Kxf2 68. Kg6 Ra7 69. f6 Kf3 70. f7 Ra8 71. Kg7 Ke4 72. f8=Q Rxf8
73. Kxf8 Ke5 1/2-1/2

[Event "European Blitz 2017"]
[Site "Katowice POL"]
[Date "2017.12.15"]
[Round "12.58"]
[White "Valsecchi, Alessio"]
[Black "Cieslar, Michal"]
[Result "0-1"]
[WhiteTitle "IM"]
[WhiteElo "2501"]
[BlackElo "2032"]
[WhiteFideId "818860"]
[BlackFideId "1141066"]
[EventDate "2017.12.15"]
[EventType "blitz"]

1. d4 d6 2. c4 g6 3. Nc3 Bg7 4. g3 Nd7 5. Bg2 e5 6. Nf3 f5 7. dxe5 Nxe5 8. Nxe5
Bxe5 9. O-O c6 10. f4 Bg7 11. e4 Nf6 12. c5 O-O 13. Qxd6 fxe4 14. Rd1 Qa5 15.
Bd2 Bg4 16. Nxe4 Qb5 17. Bc3 Nxe4 18. Bxe4 Bxd1 19. Qe6+ Kh8 20. Bxg7+ Kxg7 21.
Qe5+ Kg8 22. Rxd1 Rae8 23. Qd4 Rd8 24. Qxd8 Rxd8 25. Rxd8+ Kf7 26. Bd3 Qxc5+ 27.
Kg2 Ke7 28. Rh8 Qd5+ 29. Kf2 Qd4+ 30. Kf3 Qxh8 0-1

[Event "European Blitz 2017"]
[Site "Katowice POL"]
[Date "2017.12.15"]
[Round "12.59"]
[White "Maier, Christian"]
[Black "Olszynski, Kazimierz"]
[Result "1-0"]
[WhiteTitle "IM"]
[WhiteElo "2393"]
[BlackElo "2151"]
[WhiteFideId "4601955"]
[BlackFideId "1112376"]
[EventDate "2017.12.15"]
[EventType "blitz"]

1. e4 g6 2. Bc4 Bg7 3. h4 h6 4. h5 g5 5. d4 d6 6. Bb3 e6 7. f4 Nc6 8. c3 d5 9.
e5 f5 10. exf6 Qxf6 11. fxg5 hxg5 12. Qg4 Bh6 13. Qf3 Bd7 14. Nh3 g4 15. Qxf6
Nxf6 16. Bxh6 gxh3 17. Bg7 hxg2 18. Rg1 Rxh5 19. Bxf6 Kf7 20. Be5 Nxe5 21. dxe5
Rg8 22. Nd2 Rxe5+ 23. Kf2 Bb5 24. Rae1 Rf5+ 25. Nf3 Bd3 26. Rxg2 Be4 27. Bd1 Rf8
28. Ke3 e5 29. Ng5+ Kf6 30. Nxe4+ dxe4 31. Kxe4 Rd8 32. Ke3 c5 33. Bc2 Rh5 34.
Rf2+ Ke6 35. Be4 b5 36. Ref1 Rh3+ 37. Rf3 Rh6 38. R1f2 a5 39. Rg3 Rh4 40. Rfg2
c4 41. Rg6+ Ke7 42. Rg7+ 1-0

[Event "European Blitz 2017"]
[Site "Katowice POL"]
[Date "2017.12.15"]
[Round "12.60"]
[White "Kourousis, Epaminondas"]
[Black "Michalski, Filip"]
[Result "0-1"]
[WhiteTitle "IM"]
[WhiteElo "2393"]
[BlackElo "2089"]
[WhiteFideId "4211626"]
[BlackFideId "1151371"]
[EventDate "2017.12.15"]
[EventType "swiss"]

1. d4 Nf6 2. Nc3 d5 3. Bf4 e6 4. e3 Be7 5. Nb5 Na6 6. Nf3 O-O 7. a3 c5 8. c3 c4
9. a4 Bd7 10. Ne5 Bc6 11. b3 cxb3 12. Qxb3 Ne4 13. Bd3 Nf6 14. O-O Ne8 15. Nxc6
bxc6 16. Na3 Nac7 17. c4 Rb8 18. Qc2 h6 19. cxd5 cxd5 20. Nb5 Bd6 21. Bxd6 Nxd6
22. Qxc7 Qxc7 23. Nxc7 Rb3 24. Nb5 Rxd3 25. Nxd6 Rb8 26. Rab1 Rdb3 27. Rxb3 Rxb3
28. g3 Rb4 29. Rc1 Rxa4 30. Rc8+ Kh7 31. Nxf7 Ra1+ 32. Kg2 a5 33. h4 h5 34. Ng5+
Kg6 35. Rc6 Kh6 36. Rxe6+ 0-1

[Event "European Blitz 2017"]
[Site "Katowice POL"]
[Date "2017.12.15"]
[Round "12.62"]
[White "Sliwicka, Alicja"]
[Black "Jahncke, Giso"]
[Result "0-1"]
[WhiteTitle "WFM"]
[BlackTitle "FM"]
[WhiteElo "2337"]
[BlackElo "2403"]
[WhiteFideId "1150677"]
[BlackFideId "24608289"]
[EventDate "2017.12.15"]
[EventType "blitz"]

1. e4 d5 2. exd5 Nf6 3. Bb5+ Nbd7 4. c4 a6 5. Ba4 b5 6. cxb5 Nxd5 7. bxa6 Rxa6
8. Nc3 Nf4 9. Qf3 e5 10. Nge2 Nxe2 11. Qxe2 Be7 12. O-O O-O 13. Bb5 Rg6 14. a4
Bb7 15. f3 Bc5+ 16. Kh1 Nf6 17. d3 Nh5 18. Be3 Qh4 19. Kg1 Nf4 20. Bxc5 Nxe2+
21. Nxe2 Qg5 22. Ng3 e4 23. Bxf8 exf3 24. gxf3 Qe3+ 25. Kg2 Qe2+ 26. Rf2 Bxf3+
27. Kg1 Qe3 28. Rf1 Bd5 29. Rd1 Kxf8 30. Bc4 Rxg3+ 31. hxg3 Qxg3+ 32. Kf1 Qh3+
33. Ke1 Qe6+ 34. Re2 Qd6 35. Bb5 g5 36. a5 Bf3 37. Re3 Bxd1 38. Kxd1 Qc5 39.
Re8+ Kg7 40. Bc4 Qxa5 41. Rd8 h5 42. Rd5 Qa1+ 43. Kc2 f6 44. Rd7+ Kg6 45. Bf7+
Kf5 46. Bxh5 Qa4+ 0-1

[Event "European Blitz 2017"]
[Site "Katowice POL"]
[Date "2017.12.15"]
[Round "12.63"]
[White "Chyzy, Jakub"]
[Black "Rocha, Sergio"]
[Result "1-0"]
[BlackTitle "IM"]
[WhiteElo "2112"]
[BlackElo "2370"]
[WhiteFideId "21806209"]
[BlackFideId "1900404"]
[EventDate "2017.12.15"]
[EventType "swiss"]

1. e4 g6 2. d4 Bg7 3. c3 d6 4. Bd3 Nd7 5. f4 c5 6. Nf3 b6 7. O-O Bb7 8. Qe2 e6
9. f5 e5 10. dxe5 Nxe5 11. Nxe5 Bxe5 12. Bb5+ Kf8 13. Bc4 Nf6 14. Bg5 Kg7 15.
Nd2 h6 16. Bh4 g5 17. Bg3 Qe7 18. Rae1 Rad8 19. Bd3 Bc6 20. Nf3 Kf8 21. Bc2 b5
22. Kh1 a6 23. Rd1 Kg7 24. Nxe5 dxe5 25. Rfe1 Rhe8 26. Bf2 c4 27. Bb6 Rd7 28.
Rxd7 Nxd7 29. Bf2 Nf6 30. Rd1 Rd8 31. Rxd8 Qxd8 32. g4 Qd7 33. Kg2 Qb7 34. Kf3
Qd7 35. Qe3 a5 36. Be1 Qd6 37. Qa7 a4 38. Qe3 a3 39. bxa3 Qxa3 40. Qb6 Qd6 41.
a4 Bxe4+ 1-0

[Event "European Blitz 2017"]
[Site "Katowice POL"]
[Date "2017.12.15"]
[Round "12.64"]
[White "Gumula, Daniel"]
[Black "Neiksans, Arturs"]
[Result "0-1"]
[WhiteTitle "FM"]
[BlackTitle "GM"]
[WhiteElo "2218"]
[BlackElo "2590"]
[WhiteFideId "1123122"]
[BlackFideId "11601388"]
[EventDate "2017.12.15"]
[EventType "blitz"]

1. d4 f5 2. g4 fxg4 3. h3 g3 4. fxg3 Nf6 5. Nc3 d6 6. e4 e5 7. Nf3 Nc6 8. Bc4
exd4 9. Nxd4 Ne5 10. Bb3 Qe7 11. Bg5 c6 12. O-O Bd7 13. Bxf6 gxf6 14. Qh5+ Kd8
15. Nf5 Bxf5 16. Rxf5 Qg7 17. Kh2 Qg6 18. Raf1 Be7 19. Ne2 Qxh5 20. Rxh5 Kc7 21.
Nd4 b5 22. Nf5 Rae8 23. a4 a6 24. axb5 axb5 25. Ra1 Kb6 26. Kg2 Bf8 27. Rh4 Ng6
28. Rg4 Rd8 29. h4 Ne5 30. Rf4 h5 31. Nd4 Be7 32. Nf5 Rh7 33. Rd1 Kc7 34. Nd4
Ra8 35. Be6 Re8 36. Bf5 Rhh8 37. b3 Kb7 38. Rf2 Bd8 39. Bh3 Kc7 40. Ne6+ Kb6 41.
Nxd8 Rxd8 42. Rxf6 Kc5 43. b4+ Kxb4 44. Rdxd6 Rxd6 45. Rxd6 Re8 46. Rd2 Kc3 47.
Rf2 c5 48. Bf5 b4 49. Kh3 Rg8 50. Be6 Rg6 51. Bd5 c4 52. Rf5 Kd4 53. Rf2 Rb6 54.
Rf5 b3 55. cxb3 Rxb3 56. Rxh5 Re3 57. Rh8 c3 58. Rc8 Nf3 59. h5 Ne1 60. h6 Nf3
61. Kg4 Ne5+ 62. Kh4 Re1 63. Kg5 Rg1 0-1

[Event "European Blitz 2017"]
[Site "Katowice POL"]
[Date "2017.12.15"]
[Round "12.65"]
[White "Zelbel, Patrick"]
[Black "Dorokhin, Mykhailo"]
[Result "1/2-1/2"]
[WhiteTitle "IM"]
[WhiteElo "2456"]
[BlackElo "2243"]
[WhiteFideId "24624322"]
[BlackFideId "14114178"]
[EventDate "2017.12.15"]
[EventType "blitz"]

1. e4 c6 2. d3 d5 3. Nd2 g6 4. Ngf3 Bg7 5. g3 Bg4 6. Bg2 e6 7. h3 Bxf3 8. Bxf3
a5 9. O-O a4 10. a3 Ne7 11. c3 Nd7 12. Bg2 O-O 13. Qc2 Qb6 14. Rd1 Rfd8 15. Nf1
dxe4 16. dxe4 Ne5 17. Bg5 f6 18. Be3 Qb3 19. Qxb3 axb3 20. Nd2 Kf7 21. Bf1 f5
22. Nxb3 fxe4 23. Nc5 Nf5 24. Nxe4 Nxe3 25. fxe3 Ke7 26. Be2 Bh6 27. Rxd8 Rxd8
28. Kf2 Rf8+ 29. Kg2 Bxe3 30. Re1 b6 31. Bd1 Bh6 32. Nc5 bxc5 33. Rxe5 Rb8 34.
b4 cxb4 35. cxb4 Ra8 36. a4 Bd2 37. b5 cxb5 38. Rxb5 Bc3 39. Rb7+ Kf6 40. Rxh7
e5 41. Rc7 Bd4 42. Rc6+ Kg7 43. Bc2 g5 44. Rg6+ Kf7 45. Rxg5 Rc8 46. Bb3+ Kf6
47. Rg8 Rc3 48. Rb8 e4 49. Bd5 Rxg3+ 50. Kxg3 Be5+ 51. Kg4 Bxb8 52. Bxe4 Kg7 53.
h4 Kh8 54. h5 Ba7 55. h6 Bb6 56. h7 Ba7 57. Kf5 Bb6 58. Ke6 Ba7 59. a5 Bg1 1/2-1/2

[Event "European Blitz 2017"]
[Site "Katowice POL"]
[Date "2017.12.15"]
[Round "12.66"]
[White "Walter, Szymon"]
[Black "Laurusas, Tomas"]
[Result "1-0"]
[BlackTitle "IM"]
[WhiteElo "2246"]
[BlackElo "2423"]
[WhiteFideId "1172590"]
[BlackFideId "12803731"]
[EventDate "2017.12.15"]
[EventType "blitz"]

1. e4 c6 2. d4 d5 3. Nc3 a6 4. e5 Bf5 5. Nge2 e6 6. Nf4 h6 7. Bd3 Ne7 8. g4 Bxd3
9. Qxd3 Nd7 10. Nce2 Qa5+ 11. c3 Qb5 12. Qf3 c5 13. O-O Nc6 14. Be3 Be7 15. Nh5
Rg8 16. Neg3 Qxb2 17. Rab1 Qxc3 18. Rfc1 Qa5 19. Rxb7 Rb8 20. Rxb8+ Ncxb8 21.
dxc5 Nc6 22. Bf4 Qxa2 23. Qd3 g6 24. Nf6+ Bxf6 25. exf6 Nxf6 26. h3 g5 27. Be3
Ke7 28. Ne2 Rb8 29. Nd4 Nxd4 30. Bxd4 Ne4 31. c6 Rb3 32. Qf1 Kd8 33. c7+ Kc8 34.
Ra1 Qd2 35. Qxa6+ Kxc7 36. Qa7+ Rb7 37. Be5+ Kc6 38. Qa6+ Rb6 39. Qc8+ Kb5 40.
Rb1+ Ka5 41. Qa8+ Ra6 42. Bc7+ 1-0

[Event "European Blitz 2017"]
[Site "Katowice POL"]
[Date "2017.12.15"]
[Round "12.67"]
[White "Piotrowski, Przemyslaw"]
[Black "Skliarov, Viktor"]
[Result "0-1"]
[BlackTitle "IM"]
[WhiteElo "2314"]
[BlackElo "2353"]
[WhiteFideId "1127063"]
[BlackFideId "14106736"]
[EventDate "2017.12.15"]
[EventType "blitz"]

1. d4 Nf6 2. Nf3 g6 3. g3 Bg7 4. Bg2 O-O 5. O-O c6 6. c4 d5 7. cxd5 cxd5 8. Nc3
Ne4 9. Bf4 Nxc3 10. bxc3 Nc6 11. Nd2 e5 12. dxe5 Nxe5 13. Nb3 Be6 14. Nc5 Rc8
15. Nxe6 fxe6 16. Rb1 Nc4 17. Rxb7 Bxc3 18. Bh6 Rf7 19. Rxf7 Kxf7 20. e4 d4 21.
Bh3 Qf6 22. Qa4 Rc7 23. Bf4 e5 24. Bc1 Kg7 25. f4 Ne3 26. Bxe3 dxe3 27. fxe5
Qxe5 28. Qb3 e2 0-1

[Event "European Blitz 2017"]
[Site "Katowice POL"]
[Date "2017.12.15"]
[Round "12.68"]
[White "Kukula, Pawel"]
[Black "Luch, Michal"]
[Result "0-1"]
[BlackTitle "IM"]
[WhiteElo "2181"]
[BlackElo "2398"]
[WhiteFideId "1115081"]
[BlackFideId "1120042"]
[EventDate "2017.12.15"]
[EventType "blitz"]

1. d4 Nf6 2. Nf3 e6 3. Nbd2 c5 4. e3 b6 5. Bd3 Bb7 6. b3 Be7 7. Bb2 O-O 8. O-O
d6 9. a3 Nbd7 10. Qe2 a6 11. c4 Re8 12. Rac1 Rc8 13. Rfd1 Qc7 14. h3 Qb8 15. Bb1
Qa8 16. dxc5 bxc5 17. b4 cxb4 18. axb4 d5 19. Ba3 a5 20. c5 axb4 21. Bxb4 Ba6
22. Bd3 Bxd3 23. Qxd3 Bxc5 24. Bc3 Qa7 25. Ra1 Qc7 26. Bd4 Bxd4 27. exd4 Qc2 28.
Qe3 h6 29. Rdc1 Qxc1+ 30. Rxc1 Rxc1+ 31. Kh2 Rec8 32. Qa3 R1c2 33. Qe7 Nf8 34.
g4 Ng6 35. Qa7 Ne4 36. Nxe4 dxe4 37. Ne5 Nxe5 38. dxe5 Re2 39. Kg3 Rc3+ 40. Kg2
Rf3 41. Qa8+ Kh7 42. g5 Rfxf2+ 43. Kg3 Rf3+ 44. Kh4 hxg5+ 45. Kg4 Rg2+ 0-1

[Event "European Blitz 2017"]
[Site "Katowice POL"]
[Date "2017.12.15"]
[Round "12.69"]
[White "Kanarek, Marcel"]
[Black "Slabek, Grzegorz"]
[Result "1-0"]
[WhiteTitle "GM"]
[WhiteElo "2505"]
[BlackElo "1956"]
[WhiteFideId "1126822"]
[BlackFideId "1105531"]
[EventDate "2017.12.15"]
[EventType "blitz"]

1. e4 d5 2. exd5 Nf6 3. d4 Nxd5 4. c4 Nb6 5. Nf3 g6 6. Nc3 Bg7 7. c5 Nd5 8. Bc4
c6 9. h3 O-O 10. O-O b6 11. cxb6 axb6 12. Re1 Ba6 13. Bb3 Nb4 14. Bg5 Bf6 15.
Bxf6 exf6 16. d5 Nd3 17. Re4 Nc5 18. Rh4 Nxb3 19. axb3 cxd5 20. Qd2 h5 21. Nxd5
Bb7 22. Rxa8 Bxa8 23. Rd4 Bxd5 24. Rxd5 Qc7 25. Rd6 Kg7 26. Qd4 Qe7 27. Rxb6 Rd8
28. Qf4 Rd1+ 29. Kh2 Nd7 30. Rb7 Qd6 31. Qxd6 Rxd6 32. b4 g5 33. g4 hxg4 34.
hxg4 Rd3 35. Kg2 Kg6 36. b5 Nc5 37. Rc7 Rd5 38. b6 Ne6 39. Rc8 Rb5 40. Rb8 Kg7
41. Nd2 Nf4+ 42. Kf3 Nd5 43. b7 Rxb2 44. Nc4 Rb3+ 45. Ke4 Ne7 46. Nd6 Rb4+ 47.
Kd3 Rb6 48. Nc8 Rxb7 49. Rxb7 Nxc8 50. Rd7 Nb6 51. Rd6 Nc8 52. Rd7 Nb6 53. Rd8
Na4 54. Kc4 1-0

[Event "European Blitz 2017"]
[Site "Katowice POL"]
[Date "2017.12.15"]
[Round "12.70"]
[White "Polivanov, Anatoliy"]
[Black "Mis, Mieszko"]
[Result "1/2-1/2"]
[WhiteTitle "IM"]
[WhiteElo "2383"]
[BlackElo "2240"]
[WhiteFideId "14109468"]
[BlackFideId "1196448"]
[EventDate "2017.12.15"]
[EventType "blitz"]

1. d4 Nf6 2. c4 c6 3. Nf3 d5 4. Nc3 dxc4 5. e4 b5 6. Be2 e6 7. O-O Be7 8. b3 b4
9. e5 bxc3 10. exf6 Bxf6 11. Ba3 Qa5 12. Bd6 Qd8 13. Bb4 a5 14. Bxc3 cxb3 15.
axb3 O-O 16. b4 Qc7 17. bxa5 Ba6 18. Ne5 Nd7 19. Rc1 Nxe5 20. Bxa6 Nf3+ 21. Qxf3
Rxa6 22. Bb4 Rd8 23. Rfd1 Qb7 24. Bc3 h6 25. h3 Qb3 26. Rb1 Qc4 27. Rb4 Qa2 28.
Rb6 Rxb6 29. axb6 Qb3 30. Ba5 Qb5 31. Qc3 c5 32. b7 Rb8 33. Qxc5 Qxb7 34. d5
exd5 35. Qxd5 Qxd5 1/2-1/2

[Event "European Blitz 2017"]
[Site "Katowice POL"]
[Date "2017.12.15"]
[Round "12.71"]
[White "Karpus, Michal"]
[Black "Reichmann, Hendrik"]
[Result "0-1"]
[WhiteTitle "FM"]
[BlackTitle "FM"]
[WhiteElo "2328"]
[BlackElo "2337"]
[WhiteFideId "1174088"]
[BlackFideId "4647823"]
[EventDate "2017.12.15"]
[EventType "blitz"]

1. e4 g6 2. d4 Bg7 3. Nc3 d6 4. Nf3 a6 5. a4 Nc6 6. Bc4 Nf6 7. Bb3 Bg4 8. Be3 e5
9. d5 Nd4 10. Bxd4 exd4 11. Qxd4 Bxf3 12. gxf3 O-O 13. Qd2 Nh5 14. O-O-O Qf6 15.
Qe3 b5 16. Rdf1 Rfe8 17. Kb1 Nf4 18. Rhg1 h5 19. Ka2 Rab8 20. Rb1 Kh7 21. Qe1
Qe5 22. Qd2 Bh6 23. Qd1 Rec8 24. Ne2 Nh3 25. Rg2 bxa4 26. Bxa4 Rb4 27. c3 Rb6
28. Qd4 Qe7 29. Rg3 Nf4 30. Nc1 Rcb8 31. Rg1 Nh3 32. Rf1 Ng5 33. Qd1 Qf6 34. Nd3
Nxf3 35. Nb4 Ne5 36. f4 Nc4 37. Qe2 Na5 38. e5 Qe7 39. Nc6 Nxc6 40. Bxc6 Bg7 41.
Rfe1 dxe5 42. fxe5 Qc5 43. Rbc1 Qa5+ 44. Kb1 Bxe5 45. Rc2 Bxc3 46. Rf1 Rxb2+ 47.
Rxb2 Rxb2+ 48. Qxb2 Bxb2 49. Kxb2 Qd2+ 50. Ka1 Qc3+ 51. Ka2 Qc4+ 0-1

[Event "European Blitz 2017"]
[Site "Katowice POL"]
[Date "2017.12.15"]
[Round "12.72"]
[White "Meissner, Felix"]
[Black "Pereira, Antonio Pedro Caramez"]
[Result "1-0"]
[WhiteTitle "FM"]
[WhiteElo "2333"]
[BlackElo "2113"]
[WhiteFideId "24671827"]
[BlackFideId "1904485"]
[EventDate "2017.12.15"]
[EventType "blitz"]

1. e4 e6 2. d4 d5 3. Nd2 c5 4. exd5 Qxd5 5. Ngf3 cxd4 6. Bc4 Qd7 7. O-O Nc6 8.
Nb3 Nf6 9. Nbxd4 Nxd4 10. Nxd4 a6 11. Be2 Qc7 12. Bf3 Bc5 13. Bg5 Qe5 14. Be3
O-O 15. Re1 Qc7 16. Nb3 Bxe3 17. Rxe3 Bd7 18. Rc3 Bc6 19. Bxc6 bxc6 20. Qf3 Nd5
21. Rc4 Qb6 22. a4 a5 23. Re1 Rab8 24. g3 Nb4 25. Nd4 Nd5 26. b3 Rbc8 27. Ne2 c5
28. Nf4 Rfd8 29. Nd3 Nb4 30. Ne5 f6 31. Ng4 e5 32. Ne3 Rd4 33. c3 Rxc4 34. Nxc4
Qc6 35. Qg4 Nd5 36. Nxa5 Qc7 37. Qc4 Qxa5 38. Qxd5+ Kh8 39. Rd1 h6 40. Qc4 Rb8
41. h4 Qb6 42. h5 Kh7 43. Qe4+ Kh8 44. Qc4 Kh7 45. Rb1 Qb7 46. b4 cxb4 47. Rxb4
Qa7 48. Rxb8 Qxb8 49. a5 Qb1+ 50. Kg2 Qb7+ 51. Kh2 Qf3 52. Kg1 Qxh5 53. Qd3+ Kh8
54. a6 Qe8 55. a7 Qa8 56. Qa6 Kh7 57. c4 e4 58. c5 e3 59. c6 exf2+ 60. Kxf2 h5
61. c7 Qd5 62. c8=Q Qd2+ 63. Kf3 Qd1+ 64. Ke4 Qe2+ 65. Qxe2 1-0

[Event "European Blitz 2017"]
[Site "Katowice POL"]
[Date "2017.12.15"]
[Round "12.73"]
[White "Klabis, Rokas"]
[Black "De Filomeno, Simone"]
[Result "1-0"]
[WhiteTitle "FM"]
[BlackTitle "IM"]
[WhiteElo "2366"]
[BlackElo "2429"]
[WhiteFideId "12805246"]
[BlackFideId "828688"]
[EventDate "2017.12.15"]
[EventType "blitz"]

1. e4 c5 2. Nc3 Nc6 3. Bb5 g6 4. Nge2 Bg7 5. O-O Nd4 6. Bd3 e6 7. Re1 Ne7 8.
Nxd4 cxd4 9. Ne2 O-O 10. c3 dxc3 11. dxc3 d5 12. Bg5 h6 13. Bh4 g5 14. Bg3 Bd7
15. Bd6 Bc6 16. e5 f6 17. exf6 Qxd6 18. fxg7 Kxg7 19. Bc2 e5 20. Qd3 Nf5 21. Ng3
e4 22. Nxf5+ Rxf5 23. Rxe4 Rxf2 24. Ree1 Qf6 25. Rf1 Rf4 26. g3 Rg8 27. gxf4
gxf4 28. Qd4 Kf7+ 29. Kh1 1-0

[Event "European Blitz 2017"]
[Site "Katowice POL"]
[Date "2017.12.15"]
[Round "12.74"]
[White "Balint, Vilmos"]
[Black "Costachi, Mihnea"]
[Result "0-1"]
[BlackTitle "IM"]
[WhiteElo "2263"]
[BlackElo "2441"]
[WhiteFideId "718050"]
[BlackFideId "1217518"]
[EventDate "2017.12.15"]
[EventType "blitz"]

1. d4 Nf6 2. Nc3 d5 3. Bf4 Bf5 4. Nf3 e6 5. e3 Bd6 6. Bg3 O-O 7. Ne5 Ne4 8. Nxe4
Bxe4 9. f3 Bg6 10. Bd3 Nd7 11. f4 Bxd3 12. Qxd3 Nf6 13. Bh4 Be7 14. Bxf6 Bxf6
15. O-O c5 16. c3 Be7 17. Rf3 f5 18. Qb5 Qc7 19. Qd7 Qxd7 20. Nxd7 Rfc8 21. Nxc5
Bxc5 22. dxc5 Rxc5 23. Rd1 b5 24. a3 a5 25. Rd4 Rc4 26. Rf2 Kf7 27. Rfd2 Ke7 28.
Kf2 Kd6 29. Ke2 h6 30. Kd3 Rac8 31. h3 g5 32. g3 gxf4 33. exf4 Rg8 34. Rg2 h5
35. Rxc4 bxc4+ 36. Ke3 Kc5 37. Kf3 Kb5 38. g4 hxg4+ 39. hxg4 fxg4+ 40. Rxg4 Rf8
41. Rg6 e5 42. Rd6 Rxf4+ 43. Ke3 Re4+ 44. Kd2 d4 45. Rd5+ Ka4 46. Rc5 d3 47. Kd1
Kb3 48. Rb5+ Ka2 49. Rc5 Kxb2 50. Rxa5 Kxc3 51. Rb5 d2 0-1

[Event "European Blitz 2017"]
[Site "Katowice POL"]
[Date "2017.12.15"]
[Round "12.75"]
[White "Kastelik, Adrian"]
[Black "Putka, Verners"]
[Result "1/2-1/2"]
[WhiteElo "2176"]
[BlackElo "2307"]
[WhiteFideId "1134701"]
[BlackFideId "11600659"]
[EventDate "2017.12.15"]
[EventType "blitz"]

1. e4 e5 2. Nf3 Nf6 3. Nxe5 d6 4. Nf3 Nxe4 5. Qe2 Qe7 6. d3 Nf6 7. Qxe7+ Bxe7 8.
d4 Nc6 9. c3 Bf5 10. Nbd2 O-O-O 11. Be2 Rhe8 12. O-O d5 13. Re1 Bd6 14. Nf1 Ne4
15. Ng3 Bg6 16. Nd2 f5 17. Ndxe4 dxe4 18. f4 Ne7 19. c4 Bb4 20. Rd1 Nc6 21. Be3
Be7 22. a3 Bf6 23. d5 Na5 24. Ra2 Nb3 25. Rb1 b6 26. Bd1 Nc5 27. b4 Nd3 28. Ba4
Rf8 29. Rc2 Be7 30. Bd4 Nxf4 31. Bxg7 Rg8 32. Bh6 Nd3 33. Ne2 Bf6 34. Kf1 Be5
35. g3 Bh5 36. Nf4 Bxf4 37. Bxf4 Nxf4 38. gxf4 Bf3 39. Rf2 Bh5 40. Bd1 Be8 41.
Rb3 c6 42. Rd2 Rg7 43. d6 c5 44. bxc5 bxc5 45. Rd5 Bc6 46. Rxf5 Rxd6 47. Bc2 Rd2
48. Rxc5 Rc7 49. Rc3 Rxh2 50. f5 e3 51. Re5 Rg7 52. Rexe3 Rgg2 53. Be4 Rf2+ 54.
Kg1 Bxe4 55. Rxe4 Rfg2+ 56. Kf1 Ra2 57. Kg1 Rhg2+ 58. Kh1 Rgf2 59. Re1 Rxf5 60.
Rh3 h5 61. Rc1 Kc7 62. Kg1 Kc6 63. Rb1 a6 64. Rd1 Rg5+ 65. Kh1 Re5 66. Rhd3 Ree2
67. Rd6+ Kc5 68. R6d5+ Kxc4 69. Rxh5 Rxa3 70. Rc1+ Kd4 71. Rd1+ Ke4 72. Rh4+ Kf5
73. Rf1+ Kg5 74. Rh8 Kg6 75. Rg8+ Kh7 76. Rg4 a5 77. Rf5 Ra1+ 78. Rg1 Raa2 79.
Rg4 Kh6 80. Rf3 Kh5 81. Rg8 Re1+ 82. Rg1 Rxg1+ 83. Kxg1 Kg4 84. Rc3 Kf4 85. Kf1
Ke4 86. Ke1 Kd4 87. Rh3 Rc2 88. Kd1 Rc5 89. Rh4+ Kd3 90. Rh3+ Kd4 91. Rh4+ Kc3
92. Kc1 a4 93. Rh3+ Kb4+ 94. Kb1 Rc4 95. Rg3 Re4 96. Rh3 a3 97. Rh8 Kb3 98. Rb8+
Kc3 99. Rc8+ Kb3 100. Rb8+ 1/2-1/2

[Event "European Blitz 2017"]
[Site "Katowice POL"]
[Date "2017.12.15"]
[Round "12.76"]
[White "Mucha, Piotr"]
[Black "Hansen, Mads Smith"]
[Result "1-0"]
[WhiteElo "2165"]
[BlackElo "2347"]
[WhiteFideId "1164163"]
[BlackFideId "1400258"]
[EventDate "2017.12.15"]
[EventType "blitz"]

1. e4 c6 2. d4 d5 3. exd5 cxd5 4. Bd3 Nf6 5. c3 Bg4 6. f3 Bh5 7. Bf4 Nc6 8. Ne2
e6 9. Nd2 Bd6 10. O-O Bg6 11. Bxg6 hxg6 12. Bg3 Nh5 13. Bxd6 Qxd6 14. f4 Nf6 15.
Nf3 Ne4 16. Qd3 Rc8 17. a3 f6 18. c4 g5 19. cxd5 exd5 20. fxg5 fxg5 21. Nc3 Nf6
22. Rae1+ Kf8 23. Ne5 Nxe5 1-0